[Event "2nd International Chess Festiv"]
[Site "Paracin"]
[Date "2009.08.26"]
[Round "9.1"]
[White "Janev, Evgeni"]
[Black "Pancevski, Filip"]
[Result "1-0"]
[WhiteElo "2461"]
[BlackElo "2422"]
[PlyCount "115"]
[EventDate "2009.??.??"]

1. e4 e5 2. Nf3 Nc6 3. Bb5 a6 4. Ba4 Nf6 5. O-O Be7 6. Re1 b5 7. Bb3 d6 8. c3
O-O 9. h3 Nb8 10. d4 Nbd7 11. Nbd2 Bb7 12. Bc2 Re8 13. Nf1 Bf8 14. Ng3 g6 15.
a4 Bg7 16. d5 Qb8 17. h4 h5 18. axb5 axb5 19. Rxa8 Bxa8 20. b4 Ng4 21. Ng5 Ndf6
22. Nf1 Nh7 23. f3 Ngf6 24. Be3 Nxg5 25. hxg5 Nh7 26. Qd2 Bb7 27. Ra1 Bf8 28.
Ra5 c6 29. Bb3 Be7 30. dxc6 Bxc6 31. Ra7 Qd8 32. Qa2 Rf8 33. Qa6 Ba8 34. Qxb5
Bxg5 35. Qd7 Qf6 36. Qa4 Bxe3+ 37. Nxe3 Bxe4 38. fxe4 Qf4 39. Nf1 Ng5 40. Qa2
Nxe4 41. Rxf7 Rxf7 42. Bxf7+ Kg7 43. Bc4 Nxc3 44. Qa7+ Kh8 45. Qb8+ Kg7 46.
Qg8+ Kh6 47. Qf7 Qd4+ 48. Kh1 d5 49. Qf8+ Kg5 50. Nh2 e4 51. g3 Qe5 52. b5 dxc4
53. Qf4+ Qxf4 54. gxf4+ Kf5 55. b6 e3 56. b7 e2 57. Nf3 Kxf4 58. Kg2 1-0

[Event "2nd International Chess Festiv"]
[Site "Paracin"]
[Date "2009.08.26"]
[Round "9.2"]
[White "Stanojoski, Zvonko"]
[Black "Kasparov, Sergey"]
[Result "1/2-1/2"]
[WhiteElo "2483"]
[BlackElo "2487"]
[PlyCount "42"]
[EventDate "2009.??.??"]

1. e4 d6 2. d4 Nf6 3. Nc3 e5 4. dxe5 dxe5 5. Qxd8+ Kxd8 6. Bc4 Be6 7. Bxe6 fxe6
8. f3 Bd6 9. Be3 a6 10. Nh3 Ke7 11. Nf2 Nbd7 12. Ke2 c5 13. a4 c4 14. a5 Rac8
15. Ra4 Rc6 16. Rha1 Rhc8 17. Nfd1 h6 18. Nf2 R6c7 19. Nb1 Rc6 20. Nc3 R6c7 21.
Nb1 Rc6 1/2-1/2

[Event "2nd International Chess Festiv"]
[Site "Paracin"]
[Date "2009.08.26"]
[Round "9.3"]
[White "Tosic, Miroslav"]
[Black "Abramovic, Bosko"]
[Result "0-1"]
[WhiteElo "2438"]
[BlackElo "2465"]
[PlyCount "85"]
[EventDate "2009.??.??"]

1. d4 Nf6 2. c4 e6 3. Nf3 b6 4. g3 Bb7 5. Bg2 Be7 6. O-O O-O 7. d5 exd5 8. Nh4
c6 9. cxd5 Nxd5 10. Nf5 Na6 11. e4 Ndc7 12. Nc3 Ne8 13. Re1 Nac7 14. Bf4 d6 15.
g4 Ne6 16. Bg3 Rc8 17. Nxe7+ Qxe7 18. Nd5 Qd8 19. Ne3 Rc7 20. h4 Rd7 21. Nf5
Kh8 22. Qd2 f6 23. Rad1 c5 24. h5 Rff7 25. b3 g6 26. hxg6 hxg6 27. Nh4 Kh7 28.
f4 Nd4 29. f5 g5 30. Nf3 Nxf3+ 31. Bxf3 Kg8 32. Kf2 Rh7 33. Rh1 Rxh1 34. Bxh1
Qa8 35. Re1 Qd8 36. Bf3 Bc6 37. Qd3 Qe7 38. Qc4+ Kg7 39. e5 Bxf3 40. exf6+ Qxf6
41. Rxe8 d5 42. Qb5 Re7 43. Kxf3 0-1

[Event "2nd International Chess Festiv"]
[Site "Paracin"]
[Date "2009.08.26"]
[Round "9.4"]
[White "Nestorovic, Dejan"]
[Black "Martinovic, Slobodan"]
[Result "1/2-1/2"]
[WhiteElo "2405"]
[BlackElo "2452"]
[PlyCount "41"]
[EventDate "2009.??.??"]

1. d4 Nf6 2. c4 c6 3. Nf3 d5 4. e3 Bf5 5. Nc3 e6 6. Bd3 Bxd3 7. Qxd3 Nbd7 8.
O-O Bd6 9. e4 dxe4 10. Nxe4 Nxe4 11. Qxe4 Nf6 12. Qe2 O-O 13. Bg5 h6 14. Bh4
Be7 15. Rad1 Re8 16. Rfe1 Nh5 17. Bxe7 Rxe7 18. Qe3 Nf6 19. Rd2 Re8 20. h3 Qc7
21. Red1 1/2-1/2

[Event "2nd International Chess Festiv"]
[Site "Paracin"]
[Date "2009.08.26"]
[Round "9.5"]
[White "Radlovacki, Jovan"]
[Black "Ivanov, Jordan"]
[Result "0-1"]
[WhiteElo "2380"]
[BlackElo "2431"]
[PlyCount "118"]
[EventDate "2009.??.??"]

1. d4 Nf6 2. Bg5 e6 3. e3 c5 4. c3 b6 5. Nd2 Bb7 6. Ngf3 Be7 7. Bd3 Nc6 8. Qe2
cxd4 9. exd4 Nd5 10. Bxe7 Ncxe7 11. g3 O-O 12. Ba6 Bxa6 13. Qxa6 b5 14. O-O Qb6
15. Qxb6 Nxb6 16. Ne4 a6 17. Ne5 Rfd8 18. Nd6 Rf8 19. f4 Nec8 20. Ne4 Ra7 21.
Rf2 d6 22. Nd3 Re8 23. Re1 a5 24. f5 Nd5 25. g4 Rae7 26. f6 Nxf6 27. Nxf6+ gxf6
28. Rxf6 Nb6 29. Rh6 Nd5 30. Rh5 f6 31. Nf2 f5 32. gxf5 exf5 33. Rg5+ Kh8 34.
Rxe7 Rxe7 35. Nd3 Rg7 36. Rxg7 Kxg7 37. Ne1 Ne3 38. Nd3 Kf6 39. Kf2 Nd5 40. Ne1
Kg5 41. Kg3 Ne3 42. Kf3 Nf1 43. h3 Nd2+ 44. Ke2 Ne4 45. Ng2 f4 46. Ne1 Kf5 47.
a4 bxa4 48. c4 Ng5 49. Kd3 f3 50. Ke3 f2 51. Kxf2 Ke4 52. c5 dxc5 53. dxc5
Nxh3+ 54. Kg3 Ng5 55. c6 Ne6 56. Nf3 Kd5 57. Kg4 Kxc6 58. Kf5 Kd5 59. Nd2 Nc5
0-1

[Event "2nd International Chess Festiv"]
[Site "Paracin"]
[Date "2009.08.26"]
[Round "9.6"]
[White "Zlatanovic, Boroljub"]
[Black "Zivkovic, Ivan B"]
[Result "1-0"]
[WhiteElo "2413"]
[BlackElo "2341"]
[PlyCount "62"]
[EventDate "2009.??.??"]

1. c4 c5 2. Nc3 Nf6 3. Nf3 Nc6 4. g3 d5 5. cxd5 Nxd5 6. Bg2 Nc7 7. O-O e5 8. d3
Be7 9. Nd2 Bd7 10. Nc4 O-O 11. Bxc6 Bxc6 12. Nxe5 Be8 13. Be3 f6 14. Nf3 Bf7
15. d4 c4 16. Nh4 b5 17. f3 Qd7 18. Bf2 f5 19. Ng2 g5 20. e4 fxe4 21. fxe4 Bg6
22. Qe2 Qh3 23. Ne3 Kh8 24. Qg4 Qxg4 25. Nxg4 b4 26. Na4 h5 27. Ne5 Bxe4 28.
Rae1 Bh7 29. Nxc4 Bf6 30. Nc5 Rad8 31. Ne5 Bg7 1-0

[Event "2nd International Chess Festiv"]
[Site "Paracin"]
[Date "2009.08.26"]
[Round "9.7"]
[White "Mrkonjic, Nenad"]
[Black "Lapcevic, Milos"]
[Result "1-0"]
[WhiteElo "2370"]
[BlackElo "2390"]
[PlyCount "86"]
[EventDate "2009.??.??"]

1. d4 Nf6 2. Nf3 e6 3. Bg5 c5 4. c3 Qb6 5. Qb3 Qc7 6. Nbd2 Nc6 7. e3 Be7 8. Bf4
Qd8 9. h3 O-O 10. Be2 b6 11. O-O Bb7 12. a4 Na5 13. Qd1 Rc8 14. Nb3 Nxb3 15.
Qxb3 cxd4 16. cxd4 d6 17. a5 Bd5 18. Qa4 Bc6 19. Qa2 Nd5 20. Bh2 b5 21. Qb3 a6
22. Ne1 Qd7 23. Nd3 Bb7 24. Bf3 h6 25. Rfe1 Nf6 26. Bxb7 Qxb7 27. Rec1 Rfd8 28.
Qd1 Ne4 29. f3 Nf6 30. Bg3 d5 31. Be1 Rc4 32. b3 Rxc1 33. Rxc1 Rc8 34. Bb4 Bxb4
35. Nxb4 Kf8 36. Rc2 Ke7 37. Qc1 Rxc2 38. Qxc2 Kd7 39. Qc5 Ne8 40. Qf8 Kd8 41.
Qc5 Kd7 42. Nd3 Qc7 43. Qf8 Kd8 1-0

[Event "2nd International Chess Festiv"]
[Site "Paracin"]
[Date "2009.08.26"]
[Round "9.8"]
[White "Popovic, Djordje D"]
[Black "Maksimovic, Branimir"]
[Result "0-1"]
[WhiteElo "2308"]
[BlackElo "2421"]
[PlyCount "100"]
[EventDate "2009.08.19"]

1. d4 Nf6 2. c4 e6 3. Nc3 Bb4 4. Qc2 O-O 5. a3 Bxc3+ 6. Qxc3 b5 7. b3 Bb7 8.
Nf3 Ne4 9. Qc2 bxc4 10. bxc4 c5 11. Rb1 Qc7 12. Qb3 Bc6 13. e3 d5 14. Bd3 Qa5+
15. Kf1 Nd7 16. cxd5 exd5 17. Qa2 Rab8 18. g3 Rxb1 19. Qxb1 Rb8 20. Qa2 c4 21.
Bc2 Ba4 22. Bxa4 Qxa4 23. Kg2 Rb3 24. Ne1 Nb6 25. f3 Nd6 26. Qc2 Qe8 27. Qd2 h5
28. Rf1 Qe6 29. Qa5 Nf5 30. Nc2 Qg6 31. Qd2 Nc8 32. Re1 Ncd6 33. Kh1 Ne7 34.
Qe2 h4 35. gxh4 Qh5 36. Qg2 Ndf5 37. Rg1 Ng6 38. Qf2 Ngxh4 39. Rf1 a5 40. Bd2
a4 41. Bc1 Ne7 42. Nb4 Rb1 43. Qc2 Nxf3 44. Rf2 Qg4 45. Rf1 Nh4 46. Qf2 Nef5
47. Na2 Rb3 48. Bd2 Qh3 49. Kg1 Rb6 50. Qf4 Qg2# 0-1

[Event "2nd International Chess Festiv"]
[Site "Paracin"]
[Date "2009.08.26"]
[Round "9.9"]
[White "Brankovic, Dejan"]
[Black "Solomunovic, Igor"]
[Result "1-0"]
[WhiteElo "2358"]
[BlackElo "2421"]
[PlyCount "110"]
[EventDate "2009.08.19"]

1. e4 c5 2. Nf3 d6 3. d4 cxd4 4. Nxd4 Nf6 5. Nc3 Nc6 6. Bg5 e6 7. Qd2 Be7 8.
O-O-O O-O 9. f4 h6 10. Bh4 Bd7 11. Nf3 Qa5 12. Kb1 Rfd8 13. g4 Nxg4 14. Bxe7
Nxe7 15. Rg1 Nf6 16. f5 exf5 17. Qxh6 Ng6 18. Qg5 Rac8 19. Nd5 Nxd5 20. exd5
Qa4 21. Bd3 Qf4 22. Qg2 Re8 23. Rdf1 Qh6 24. Nd4 Re5 25. Bxf5 Nh4 26. Qg4 Nxf5
27. Nxf5 Rxf5 28. Rxf5 Qh7 29. Rgf1 Qxh2 30. Qe4 Bxf5 31. Qxf5 Rf8 32. a3 g6
33. Qd7 Qg2 34. Rd1 Qf3 35. Rd3 Qf4 36. Qxb7 Re8 37. Rc3 a5 38. Qb5 Re1+ 39.
Ka2 Kg7 40. Qxa5 Qe4 41. Rc7 Rd1 42. Qc3+ Qe5 43. Rxf7+ Kxf7 44. Qf3+ Kg7 45.
Qxd1 g5 46. a4 Qe4 47. b3 g4 48. a5 Qb4 49. a6 Kg6 50. Kb2 Kg5 51. a7 Qb7 52.
Qd2+ Kf5 53. Qa5 Qa8 54. Qc7 g3 55. Qb8 Qxd5 1-0

[Event "2nd International Chess Festiv"]
[Site "Paracin"]
[Date "2009.08.26"]
[Round "9.10"]
[White "Kasparova, Tatiana"]
[Black "Kojovic, Dragan"]
[Result "0-1"]
[WhiteElo "2169"]
[BlackElo "2373"]
[PlyCount "92"]
[EventDate "2009.08.19"]

1. e4 b6 2. d4 Bb7 3. Nc3 e6 4. Nf3 Bb4 5. Bd3 Nf6 6. Qe2 d5 7. exd5 Qxd5 8.
O-O Bxc3 9. bxc3 Qh5 10. Ne5 Qxe2 11. Bxe2 Ne4 12. c4 f6 13. Nf3 Nd7 14. Re1
Kf7 15. Ba3 c5 16. Bd3 Nd6 17. Rad1 Rad8 18. c3 g5 19. Nd2 Ba6 20. f3 h5 21.
Ne4 Nxe4 22. fxe4 e5 23. d5 Nf8 24. Kf2 Ng6 25. Bc1 Ne7 26. a4 Nc8 27. a5 Nd6
28. axb6 axb6 29. Ke2 Ra8 30. Rf1 Ke7 31. Rf2 Bxc4 32. Bxc4 Nxc4 33. Kd3 b5 34.
Rdf1 Ra6 35. Rf3 Rg8 36. R3f2 h4 37. Rf5 Rg6 38. R5f2 Nd6 39. Rb2 Ra1 40. Re1
Rg8 41. Bd2 Rga8 42. Re2 R8a4 43. Be1 Rd1+ 44. Kc2 Raa1 45. Bd2 Nc4 46. Rxb5
Na3+ 0-1

[Event "2nd International Chess Festiv"]
[Site "Paracin"]
[Date "2009.08.26"]
[Round "9.11"]
[White "Ristic, Nebojsa B"]
[Black "Djosic, Slavoljub"]
[Result "1-0"]
[WhiteElo "2364"]
[BlackElo "2258"]
[PlyCount "103"]
[EventDate "2009.08.19"]

1. d4 d6 2. Nf3 Bg4 3. c4 Nd7 4. Nc3 e5 5. d5 Be7 6. e4 Ngf6 7. Be2 O-O 8. Ng1
Bxe2 9. Ngxe2 Ne8 10. O-O Bg5 11. g3 g6 12. Kg2 Bxc1 13. Rxc1 f5 14. f4 Qe7 15.
Qc2 Ng7 16. Rce1 Rae8 17. b3 Nf6 18. exf5 Nxf5 19. Qc1 Ng4 20. Kg1 Qg7 21. h3
Nf6 22. g4 Nd4 23. fxe5 dxe5 24. Nxd4 exd4 25. Rxe8 Rxe8 26. Nb5 Ne4 27. Qf4 c6
28. Nc7 Rf8 29. Qxf8+ Qxf8 30. Rxf8+ Kxf8 31. dxc6 bxc6 32. Ne6+ Ke7 33. Nxd4
Kd6 34. Kf1 Nc3 35. a3 Nb1 36. Ke2 Nxa3 37. Kd3 a5 38. Kc3 Kc5 39. Ne6+ Kd6 40.
Nf8 Kc5 41. Nxh7 a4 42. b4+ Kd6 43. Nf8 Nb1+ 44. Kc2 Na3+ 45. Kd3 Nb1 46. Nxg6
a3 47. Kc2 a2 48. Kb2 Nd2 49. c5+ Kd5 50. Ne7+ Kc4 51. Nxc6 Kb5 52. Ne7 1-0

[Event "2nd International Chess Festiv"]
[Site "Paracin"]
[Date "2009.08.26"]
[Round "9.12"]
[White "Simantsev, Mikhail"]
[Black "Pantic, Ivica"]
[Result "1-0"]
[WhiteElo "2527"]
[BlackElo "2197"]
[PlyCount "77"]
[EventDate "2009.08.19"]

1. d4 Nf6 2. c4 e6 3. Nf3 b6 4. e3 Bb7 5. Bd3 Be7 6. O-O O-O 7. Nbd2 d5 8. b3
c5 9. Bb2 Nc6 10. Rc1 cxd4 11. exd4 dxc4 12. bxc4 Rc8 13. Qe2 Nb4 14. Bb1 Ba6
15. Rfe1 Nbd5 16. Ne5 Bb4 17. Red1 Nf4 18. Qe3 Ng6 19. Ndf3 Qc7 20. Ng5 Nh5 21.
Qh3 Ngf4 22. Bxh7+ Kh8 23. Qg4 Be7 24. Bb1 f5 25. Qh4 Kg8 26. Ng6 Bxg5 27. Qxg5
Rf6 28. Ne5 Ne2+ 29. Kf1 Nxc1 30. Qxh5 Rh6 31. Qf3 Bb7 32. Qe3 Qe7 33. Bxc1 g5
34. d5 Qh7 35. Qxg5+ Kf8 36. Ba3+ Ke8 37. Ng4 Rg6 38. Nf6+ Rxf6 39. Qxf6 1-0

[Event "2nd International Chess Festiv"]
[Site "Paracin"]
[Date "2009.08.26"]
[Round "9.13"]
[White "Markovic, Marko"]
[Black "Sarenac, David"]
[Result "1/2-1/2"]
[WhiteElo "2312"]
[BlackElo "2227"]
[PlyCount "86"]
[EventDate "2009.08.19"]

1. e4 c5 2. Nc3 a6 3. f4 b5 4. Nf3 e6 5. d3 Bb7 6. g3 b4 7. Nb1 Nf6 8. Bg2 d5
9. e5 Nfd7 10. O-O Be7 11. c4 bxc3 12. bxc3 O-O 13. Nbd2 Nc6 14. Rb1 Rb8 15. h4
Qa5 16. Qc2 Ba8 17. Nb3 Qa4 18. Be3 c4 19. dxc4 dxc4 20. Nbd4 Nc5 21. Qxa4 Nxa4
22. Ne2 Na5 23. Nfd4 Bxg2 24. Kxg2 g6 25. g4 Rfd8 26. h5 Bc5 27. hxg6 hxg6 28.
Kf3 Bxd4 29. Bxd4 Nc6 30. Ke4 Rb5 31. f5 exf5+ 32. gxf5 gxf5+ 33. Kxf5 Ne7+ 34.
Ke4 Nc5+ 35. Bxc5 Rxc5 36. Rb7 Ng6 37. Rfxf7 Rxe5+ 38. Kf3 Rd3+ 39. Kf2 Rd2 40.
Rg7+ Kf8 41. Rxg6 Rexe2+ 42. Kf3 Rf2+ 43. Ke3 Rfe2+ 1/2-1/2

[Event "2nd International Chess Festiv"]
[Site "Paracin"]
[Date "2009.08.26"]
[Round "9.14"]
[White "Nestorovic, Lazar"]
[Black "Bojovic, Dusan"]
[Result "1/2-1/2"]
[WhiteElo "2240"]
[BlackElo "2286"]
[PlyCount "59"]
[EventDate "2009.08.19"]

1. e4 c5 2. Nf3 e6 3. d4 cxd4 4. Nxd4 Nc6 5. Nc3 Qc7 6. Be2 a6 7. O-O Nf6 8.
Be3 Bb4 9. Nxc6 bxc6 10. f4 O-O 11. Bd3 d5 12. e5 Ne8 13. Na4 Be7 14. c4 g6 15.
Rc1 Rb8 16. cxd5 exd5 17. Qc2 a5 18. b3 Rb4 19. Bd2 Rxa4 20. bxa4 c5 21. Qc3 c4
22. Qxa5 Qxa5 23. Bxa5 Ba3 24. Rc3 Bc5+ 25. Kh1 Ng7 26. Be2 Be6 27. Rb1 Nf5 28.
Bc7 Ne3 29. Rb5 Ba7 30. Rb7 1/2-1/2

[Event "2nd International Chess Festiv"]
[Site "Paracin"]
[Date "2009.08.26"]
[Round "9.15"]
[White "Ravic, Nenad"]
[Black "Mladenovic, Stefan"]
[Result "1-0"]
[WhiteElo "2283"]
[BlackElo "1978"]
[PlyCount "65"]
[EventDate "2009.08.19"]

1. e4 c6 2. d4 d5 3. e5 Bf5 4. h4 h6 5. g4 Bh7 6. Bd3 Bxd3 7. Qxd3 e6 8. h5 Nd7
9. Ne2 c5 10. c3 Ne7 11. f4 Nc6 12. a3 Nb6 13. f5 Qd7 14. Bf4 Be7 15. Nd2 cxd4
16. Nxd4 Nxd4 17. cxd4 Rc8 18. b3 Qc6 19. Ke2 Qc3 20. Qxc3 Rxc3 21. Rhc1 Rxc1
22. Rxc1 Kd7 23. a4 Rc8 24. Rxc8 Nxc8 25. f6 Bf8 26. g5 b5 27. fxg7 Bxg7 28.
gxh6 Bh8 29. Bg5 f6 30. Bxf6 Bxf6 31. exf6 Nd6 32. Nf3 Ke8 33. Ng5 1-0

[Event "2nd International Chess Festiv"]
[Site "Paracin"]
[Date "2009.08.26"]
[Round "9.16"]
[White "Stojkovic, Miroljub"]
[Black "Milosevic, Aleksandar"]
[Result "1/2-1/2"]
[WhiteElo "2226"]
[BlackElo "2280"]
[PlyCount "41"]
[EventDate "2009.08.19"]

1. d4 d5 2. c4 e6 3. Nc3 Nf6 4. cxd5 exd5 5. Bg5 c6 6. e3 Be7 7. Nf3 Nbd7 8.
Bd3 O-O 9. O-O Re8 10. Qc2 Nf8 11. Ne5 Ng4 12. Bxe7 Qxe7 13. Nxg4 Bxg4 14. Bf5
Bxf5 15. Qxf5 Qe6 16. Qxe6 Rxe6 17. b4 Nd7 18. a4 Nb6 19. Rfc1 Nc4 20. Ne2 Rae8
21. Nf4 1/2-1/2

[Event "2nd International Chess Festiv"]
[Site "Paracin"]
[Date "2009.08.26"]
[Round "9.17"]
[White "Ilic, Slobodan S"]
[Black "Radosavljevic, Slobodan D"]
[Result "1/2-1/2"]
[WhiteElo "2215"]
[BlackElo "2248"]
[PlyCount "43"]
[EventDate "2009.08.19"]

1. e4 c5 2. Nf3 g6 3. d4 cxd4 4. Nxd4 Bg7 5. Nc3 Nc6 6. Be3 Nf6 7. Be2 O-O 8.
O-O d5 9. exd5 Nxd5 10. Nxd5 Qxd5 11. Nxc6 Qxc6 12. c3 Be6 13. Bf3 Qb5 14. Qc2
Rfd8 15. g4 Qa6 16. Rfd1 Rac8 17. h3 b6 18. Rxd8+ Rxd8 19. Rd1 Rc8 20. Qe4 h5
21. Qb7 Qxa2 22. Rd2 1/2-1/2

[Event "2nd International Chess Festiv"]
[Site "Paracin"]
[Date "2009.08.26"]
[Round "9.18"]
[White "Milenkovic, Mladen"]
[Black "Radusinovic, Lazar"]
[Result "1-0"]
[WhiteElo "2336"]
[BlackElo "2185"]
[PlyCount "71"]
[EventDate "2009.08.19"]

1. e4 c5 2. Nf3 Nc6 3. d4 cxd4 4. Nxd4 e5 5. Nb5 d6 6. N1c3 a6 7. Na3 b5 8. Nd5
Nce7 9. c4 Nxd5 10. exd5 bxc4 11. Nxc4 Be7 12. Bd2 a5 13. Qa4+ Bd7 14. Qa3 Qb8
15. Bxa5 Ra7 16. Qb4 Rb7 17. Qd2 Nf6 18. a4 Ne4 19. Qc2 f5 20. Bd3 Nc5 21. Bxf5
Bxf5 22. Qxf5 g6 23. Qc2 O-O 24. Bc3 Rf4 25. Na5 Rc7 26. O-O Qf8 27. Nc6 e4 28.
Bd2 Rf5 29. Be3 Rxd5 30. Nxe7+ Rxe7 31. Qc4 Qf7 32. b4 Nd3 33. a5 Ne5 34. Qxe4
Rc7 35. a6 Rc4 36. Qxc4 1-0

[Event "2nd International Chess Festiv"]
[Site "Paracin"]
[Date "2009.08.26"]
[Round "9.19"]
[White "Rajcevic, Stevan"]
[Black "Lazic, Dragoljub"]
[Result "1/2-1/2"]
[WhiteElo "2146"]
[BlackElo "2317"]
[PlyCount "67"]
[EventDate "2009.08.19"]

1. d4 Nf6 2. c4 g6 3. Nc3 Bg7 4. e4 d6 5. Nf3 O-O 6. h3 e5 7. d5 a5 8. Bg5 h6
9. Be3 Na6 10. Be2 Nc5 11. Nd2 Ne8 12. g4 f5 13. f3 Bf6 14. Nb3 Bh4+ 15. Kd2
Bg5 16. Qg1 fxg4 17. hxg4 Kg7 18. Bxg5 Qxg5+ 19. Qe3 Qxe3+ 20. Kxe3 b6 21. Nxc5
dxc5 22. a4 Bd7 23. b3 Nd6 24. Rag1 Nf7 25. Nb1 Ng5 26. Nd2 Rf4 27. Rh2 Rh8 28.
Rgh1 Be8 29. Nf1 Bd7 30. Rh4 Rhf8 31. Nd2 Nh7 32. Rxh6 Rh8 33. Nf1 Be8 34. Ng3
1/2-1/2

[Event "2nd International Chess Festiv"]
[Site "Paracin"]
[Date "2009.08.26"]
[Round "9.20"]
[White "Arandjelovic, Aleksandar Z"]
[Black "Rossi, Aldo A"]
[Result "0-1"]
[WhiteElo "2113"]
[BlackElo "2311"]
[PlyCount "136"]
[EventDate "2009.08.19"]

1. Nf3 d6 2. c4 e5 3. d3 f5 4. g3 Nf6 5. Bg2 Be7 6. Nc3 O-O 7. O-O Qe8 8. Bg5
Qh5 9. Bxf6 Bxf6 10. Nd5 Bd8 11. e3 c6 12. Nc3 Nd7 13. Nd2 Qh6 14. f4 g5 15.
Ne2 Bb6 16. d4 Qg7 17. Nb3 Bc7 18. a4 Nf6 19. Nd2 Ng4 20. Ra3 exf4 21. exf4 Re8
22. Rff3 Bb6 23. Rad3 Bd7 24. Nf1 Re4 25. h3 Rae8 26. Rd2 Ne3 27. Rxe3 Rxe3 28.
Nxe3 Rxe3 29. Rd3 Re8 30. Kh2 Qe7 31. Nc3 Bd8 32. b4 a5 33. d5 axb4 34. dxc6
Bxc6 35. Nd5 Qe2 36. Qd2 Qxd2 37. Rxd2 gxf4 38. gxf4 b3 39. Bf3 Re1 40. Rb2
Bxa4 41. Nc3 Bc6 42. Bd5+ Kf8 43. Rxb3 Re3 44. Ra3 Bxd5 45. cxd5 Rd3 46. Ra8
Ke7 47. Ra3 Kd7 48. Nb5 Rxd5 49. Rb3 Bh4 50. Kg2 Rd2+ 51. Kg1 Bf2+ 52. Kf1 Bc5
53. Rg3 Kc6 54. Nc3 Rf2+ 55. Ke1 Rxf4 56. Ke2 Bd4 57. Nd1 b5 58. Kd3 Be5 59.
Rg5 Rf3+ 60. Kc2 b4 61. Rg1 b3+ 62. Kb1 Bd4 63. Rh1 Kb5 64. h4 Rd3 65. h5 Rd2
66. Kc1 Ra2 67. h6 Ra1+ 68. Kd2 b2 0-1

[Event "2nd International Chess Festiv"]
[Site "Paracin"]
[Date "2009.08.26"]
[Round "9.21"]
[White "Dinic, Dragan"]
[Black "Grkovic, Milan"]
[Result "1-0"]
[WhiteElo "2310"]
[BlackElo "2137"]
[PlyCount "49"]
[EventDate "2009.08.19"]

1. e4 g6 2. d4 c5 3. c3 b6 4. Nf3 d6 5. h3 Bg7 6. Bc4 Bb7 7. dxc5 Bxe4 8. Ng5
d5 9. Bb5+ Nd7 10. Nxe4 a6 11. Bxd7+ Qxd7 12. Ng3 bxc5 13. O-O e5 14. f4 e4 15.
c4 Bd4+ 16. Kh1 f5 17. cxd5 Qxd5 18. Nc3 Qc6 19. Qc2 Ne7 20. Nce2 Qd6 21. Rd1
Nc6 22. Be3 Nb4 23. Qa4+ Kf7 24. Bxd4 Nd3 25. Qc4+ 1-0

[Event "2nd International Chess Festiv"]
[Site "Paracin"]
[Date "2009.08.26"]
[Round "9.22"]
[White "Popovic, Aleksandar M"]
[Black "Cvetanovic, Uros"]
[Result "1/2-1/2"]
[WhiteElo "2300"]
[BlackElo "2164"]
[PlyCount "41"]
[EventDate "2009.08.19"]

1. e4 c5 2. c4 e6 3. d3 Nc6 4. Nc3 Nf6 5. Nf3 d6 6. g3 Be7 7. Bg2 O-O 8. O-O a6
9. b3 Rb8 10. a4 Nd7 11. Bb2 Nde5 12. Ne1 Nd4 13. Ne2 Nxe2+ 14. Qxe2 Qb6 15.
Rb1 Nc6 16. Nc2 Qd8 17. d4 cxd4 18. Nxd4 Nxd4 19. Bxd4 Bf6 20. Be3 Bd7 21. Rfe1
1/2-1/2

[Event "2nd International Chess Festiv"]
[Site "Paracin"]
[Date "2009.08.26"]
[Round "9.23"]
[White "Dudukovic, Nikola"]
[Black "Bulatovic, Nikola"]
[Result "1-0"]
[WhiteElo "2260"]
[BlackElo "2111"]
[PlyCount "95"]
[EventDate "2009.08.19"]

1. e4 c5 2. Nc3 a6 3. g3 b5 4. Bg2 Bb7 5. d3 e6 6. Nf3 Be7 7. O-O d6 8. Be3 Nd7
9. Nd2 b4 10. Ne2 d5 11. d4 cxd4 12. Nxd4 Ngf6 13. exd5 Nxd5 14. Qg4 h5 15. Qh3
N7f6 16. Bg5 Qb6 17. Qh4 Rd8 18. N4b3 Qc7 19. Rac1 O-O 20. h3 g6 21. Rfe1 Rd7
22. Nc4 Ne8 23. Bxe7 Rxe7 24. Ne5 a5 25. Nd4 Ng7 26. c4 bxc3 27. bxc3 Nf5 28.
Qg5 Kg7 29. Nxg6 fxg6 30. Rxe6 Nxd4 31. Rxg6+ Kf7 32. Rg7+ Ke8 33. Rxe7+ Qxe7
34. Qxh5+ Qf7 35. Qxf7+ Rxf7 36. cxd4 Nb4 37. Bxb7 Rxb7 38. Rc5 Ra7 39. a3 Nd3
40. Rc3 Nb2 41. h4 Rb7 42. h5 a4 43. g4 Rb3 44. Rc8+ Kf7 45. g5 Rxa3 46. g6+
Kg7 47. Rc7+ Kh8 48. h6 1-0

[Event "2nd International Chess Festiv"]
[Site "Paracin"]
[Date "2009.08.26"]
[Round "9.24"]
[White "Dimitrijevic, Radmilo"]
[Black "Bulatovic, Ilija"]
[Result "1/2-1/2"]
[WhiteElo "2228"]
[BlackElo "1975"]
[PlyCount "49"]
[EventDate "2009.08.19"]

1. e4 e6 2. d4 d5 3. exd5 exd5 4. Bd3 Bd6 5. Nf3 Bg4 6. O-O Ne7 7. c3 O-O 8.
Bg5 h6 9. Bh4 Qd7 10. Bg3 Nf5 11. Bxd6 Nxd6 12. Nbd2 Nc6 13. Qc2 Bf5 14. Bxf5
Qxf5 15. Qxf5 Nxf5 16. Rfe1 Rfe8 17. Rxe8+ Rxe8 18. Re1 Kf8 19. Rxe8+ Kxe8 20.
Nb3 b6 21. Nc1 Nd6 22. Nd3 a5 23. Nfe5 Nxe5 24. Nxe5 f6 25. Nd3 1/2-1/2

[Event "2nd International Chess Festiv"]
[Site "Paracin"]
[Date "2009.08.26"]
[Round "9.25"]
[White "Grujic, Nebojsa"]
[Black "Blazeka, Matej"]
[Result "1/2-1/2"]
[WhiteElo "2214"]
[BlackElo "2072"]
[PlyCount "40"]
[EventDate "2009.08.19"]

1. d4 Nf6 2. Nf3 g6 3. Bg5 Bg7 4. Nbd2 d6 5. e4 Nbd7 6. Bc4 e5 7. c3 O-O 8. O-O
c6 9. Re1 Qc7 10. dxe5 dxe5 11. Qe2 Nc5 12. b4 Ne6 13. Be3 b6 14. h3 Kh8 15.
Ng5 Nf4 16. Bxf4 exf4 17. Ngf3 Bb7 18. a3 Rfe8 19. Bd3 Rad8 20. Rad1 Nd7
1/2-1/2

[Event "2nd International Chess Festiv"]
[Site "Paracin"]
[Date "2009.08.26"]
[Round "9.26"]
[White "Nestorovic, Irena"]
[Black "Stefanovic, Vladimir"]
[Result "0-1"]
[WhiteElo "2038"]
[BlackElo "2177"]
[PlyCount "100"]
[EventDate "2009.08.19"]

1. d4 Nf6 2. c4 c5 3. d5 g6 4. Nc3 Bg7 5. e4 d6 6. h3 O-O 7. Nf3 e6 8. Bd3 exd5
9. cxd5 Re8 10. O-O a6 11. a4 c4 12. Bc2 Nbd7 13. Re1 Qc7 14. a5 Nc5 15. e5
dxe5 16. d6 Qd8 17. Nxe5 Nd3 18. Nxd3 cxd3 19. Rxe8+ Nxe8 20. Bxd3 Qxd6 21. Qf3
Bd7 22. Bc4 Bf6 23. Ne4 Qc6 24. Nxf6+ Nxf6 25. Qb3 Be6 26. Bxe6 fxe6 27. Bg5
Qd5 28. Qxd5 Nxd5 29. Rc1 Kf7 30. Kf1 Ke8 31. Ke2 Kd7 32. Rc4 Rf8 33. Be3 Rf5
34. b4 Rf7 35. Rh4 Kc6 36. Bc5 Nf4+ 37. Kf1 h5 38. Be7 Nxg2 39. Rc4+ Kb5 40.
Rc5+ Ka4 41. Kxg2 Rxe7 42. Rc4 Rf7 43. Re4 e5 44. Kg3 Rf4 45. Rxe5 Rxb4 46. Rg5
b5 47. Rxg6 Kxa5 48. f4 Rb1 49. f5 Rf1 50. f6 Rg1+ 0-1

[Event "2nd International Chess Festiv"]
[Site "Paracin"]
[Date "2009.08.26"]
[Round "9.27"]
[White "Nesic, Nebojsa"]
[Black "Tausanov, Mihail"]
[Result "1-0"]
[WhiteElo "2127"]
[BlackElo "1914"]
[PlyCount "149"]
[EventDate "2009.08.19"]

1. d4 e6 2. c4 f5 3. Nf3 Nf6 4. g3 d5 5. Bg2 c6 6. O-O Bd6 7. b3 Qe7 8. Bb2 O-O
9. Qc1 Bd7 10. Ba3 Be8 11. Bxd6 Qxd6 12. Qa3 Qxa3 13. Nxa3 Bh5 14. b4 a6 15.
Nd2 Ne4 16. Nxe4 fxe4 17. Bh3 Kf7 18. f3 exf3 19. exf3 Nd7 20. Rfe1 Rfe8 21.
cxd5 cxd5 22. Rac1 Nf8 23. Nc2 Rac8 24. Ne3 Rc6 25. Rxc6 bxc6 26. Rc1 Rb8 27.
a3 Rb6 28. Kf2 Ke7 29. Bf1 Bg6 30. Ng4 Nd7 31. Re1 Bf5 32. Ne5 Nxe5 33. Rxe5
Kd7 34. g4 Bg6 35. h4 h6 36. h5 Bc2 37. f4 Bd1 38. Kg3 Rb8 39. f5 Re8 40. Rxe6
Rxe6 41. fxe6+ Kxe6 42. Bxa6 Ba4 43. Kf4 Kf6 44. Bc8 Bb5 45. Bd7 Ba4 46. Bf5
Bb3 47. Bd3 Ba4 48. Be2 Ke6 49. g5 Bc2 50. b5 cxb5 51. Bxb5 Bd1 52. Be8 Ke7 53.
Bg6 Ke6 54. Bf5+ Kd6 55. Bg4 Bc2 56. Bf3 Ke6 57. Be2 Kd6 58. Bg4 Ba4 59. gxh6
gxh6 60. Kf3 Ke7 61. Ke3 Kd6 62. Kd3 Bb5+ 63. Kc3 Bc4 64. Kb4 Kc6 65. a4 Kb6
66. a5+ Ka6 67. Bd1 Bb5 68. Bf3 Bc4 69. Kc5 Kxa5 70. Bxd5 Be2 71. Bf7 Ka6 72.
Bc4+ Bxc4 73. Kxc4 Kb6 74. Kd5 Kc7 75. Ke6 1-0